| 000 | 009630am a2200229 004500 | ||
|---|---|---|---|
| 003 | EG-GiCUC | ||
| 008 | 080804s1979 ua g 000 0 ara d | ||
| 040 |
_aEG-GiCUC _bara _cEG-GiCUC |
||
| 092 | 0 | 4 |
_a621.38 _bE32 _221 |
| 099 |
_a04 _a621.38 E32 |
||
| 110 | 1 |
_aمصر. _bالمجلس القومى للانتاج و الشئون الاقتصادية |
|
| 245 | 1 | 2 |
_aالصناعات الالكترونية فى مصر و مستقبلها حتى عام 2000 / _cالمجلس القومى للانتاج و الشئون الاقتصادية |
| 260 |
_aالقاهرة : _bالمجلس.. : _c1979 |
||
| 300 |
_a157ص ؛ _c24سم |
||
| 650 | 7 |
_aالاجهزة الالكترونية _2qrmak |
|
| 650 | 7 |
_aالالكترونيات _xصناعة و تجارة _2qrmak |
|
| 902 | _a1 | ||
| 905 |
_aاميرة _eمدخل |
||
| 905 |
_aجيهان _eمراجع |
||
| 942 |
_2ddc _cBK |
||
| 999 |
_c101450 _d101450 |
||